Tracklist 1.6 TIF - Statistiques

Statistiques générales
  • Ce quiz a été pris 96 fois
  • Le résultat moyen est 6 sur 10
Statistiques - réponses
Hint Réponse % Correct
4 HINATA
93%
2 SHADOW BOXING
79%
3 AMNESIA
78%
10 1.6
75%
7 MATHUSALEM
65%
9 IL EST 2H ET TU ME MANQUES
56%
5 S12
46%
8 BYE 3ASSIMA
33%
1 DEMAIN C'EST B3ID
32%
6 NO PARTY (interlude)
31%
Aucun quiz correspondant
Distribution des résultats
% des personnes avec chaque résultat
Percentile par nombre de réponses
Votre historique - résultats
Vous n’avez pas pris ce quiz